Assaigs sobre la Catalunya del segle XVIII / (Record no. 142607)

MARC details
000 -LEADER
campo de control de longitud fija 00918nam a2200265 i 4500
001 - NÚMERO DE CONTROL
campo de control 142607
003 - IDENTIFICADOR DE NÚMERO DE CONTROL
campo de control ES-MaACL
005 - FECHA Y HORA DE LA ÚLTIMA TRANSACCIÓN
campo de control 20250819063104.0
007 - CAMPO FIJO DE DESCRIPCIÓN FÍSICA--INFORMACIÓN GENERAL
campo de control de longitud fija t|
008 - DATOS DE LONGITUD FIJA--INFORMACIÓN GENERAL
campo de control de longitud fija 071009s1973 sp |||| | cat d
080 ## - NÚMERO DE LA CLASIFICACIÓN DECIMAL UNIVERSAL
Número de la Clasificación Decimal Universal 338(467.1)"17"(04)
080 ## - NÚMERO DE LA CLASIFICACIÓN DECIMAL UNIVERSAL
Número de la Clasificación Decimal Universal 946.71"17"(04)
100 1# - ENTRADA PRINCIPAL--NOMBRE DE PERSONA
Nombre de persona Vilar, Pierre,
Fechas asociadas al nombre 1906-2003
9 (RLIN) 114800
245 10 - MENCIÓN DEL TÍTULO
Título Assaigs sobre la Catalunya del segle XVIII /
Mención de responsabilidad, etc. de Pierre Vilar ; traduits per Eulalia Durán.
260 ## - PUBLICACIÓN, DISTRIBUCIÓN, ETC.
Lugar de publicación, distribución, etc. Barcelona :
Nombre del editor, distribuidor, etc. Curial,
Fecha de publicación, distribución, etc. 1973.
300 ## - DESCRIPCIÓN FÍSICA
Extensión 179 p. ;
Dimensiones 18 cm.
490 1# - MENCIÓN DE SERIE
Mención de serie Biblioteca de cultura catalana ;
Designación de volumen o secuencia 5
651 #4 - PUNTO DE ACCESO ADICIONAL DE MATERIA--NOMBRE GEOGRÁFICO
Nombre geográfico Cataluña-
Subdivisión general Situación social-
Subdivisión cronológica S.XVIII.
9 (RLIN) 167751
651 #4 - PUNTO DE ACCESO ADICIONAL DE MATERIA--NOMBRE GEOGRÁFICO
Nombre geográfico Cataluña-
Subdivisión general Situación económica-
Subdivisión cronológica S.XVIII.
9 (RLIN) 167750
651 #4 - PUNTO DE ACCESO ADICIONAL DE MATERIA--NOMBRE GEOGRÁFICO
Nombre geográfico Cataluña-
Subdivisión general Historia-
Subdivisión cronológica S.XVIII.
9 (RLIN) 8022
700 1# - ENTRADA AGREGADA--NOMBRE PERSONAL
Nombre de persona Durán, Eulàlia.
9 (RLIN) 46179
830 0# - PUNTO DE ACCESO ADICIONAL DE SERIE-TÍTULO UNIFORME
Título uniforme Biblioteca de cultura catalana ;
Designación de volumen o secuencia 5
9 (RLIN) 178600
852 ## - LOCALIZACIÓN
Ubicación ES-MaACL
Número de control de estantería C-52892
Holdings
Estatus retirado Estado de pérdida Estado de daño No para préstamo Biblioteca de origen Biblioteca actual Ubicación en estantería Fecha de adquisición Fuente de adquisición Total de préstamos Signatura topográfica completa Código de barras Visto por última vez Precio de reemplazo Tipo de ítem Koha
        Biblioteca del Ateneo de Madrid Biblioteca del Ateneo de Madrid Depósito 2 17/01/2008     C-52892 1148383 23/02/2023 23/02/2023 Libro impreso